[PAROLES] Vald - NQNTMQMQMB (Ft. Suikon Blaze AD) - Statistiques

Statistiques générales
  • Ce quiz a été pris 30 fois
  • Le résultat moyen est 56 sur 150
Statistiques - réponses
Hint Réponse % Correct
D
92%
je
83%
à
71%
[Intro : Vald] C'est
71%
de
71%
du
71%
l'heure
71%
VALD
71%
me
67%
réveille
67%
le
63%
pas
63%
et
58%
NQNTMQMQMB
58%
yeah
54%
crime
50%
par
50%
pour
46%
album
42%
nouvel
42%
décès
38%
gang
38%
huitième
38%
kata
38%
nouveau
38%
suis
38%
vous
38%
déblaye
33%
Déblaye
33%
éveil
33%
eveil
33%
ils
33%
la
33%
nous
33%
obsédé
33%
quand
33%
qui
33%
Si
33%
si
33%
t'es
33%
tu
33%
baise
29%
complot
29%
faire
29%
Gaffé
29%
j'suis
29%
j'vais
29%
Mayday
29%
possédé
29%
voix
29%
au
25%
comme
25%
Délégué
25%
delete
25%
d'ta
25%
grand-mère
25%
J'ai
25%
j'mets
25%
l'Histoire
25%
mal
25%
n'essaye
25%
NQNTMQMQMQMQMB
25%
ont
25%
pans
25%
Pans
25%
réessaye
25%
s'écrie
25%
soirée
25%
Sur
25%
banquier
21%
bégayes
21%
dé-dé
21%
delay
21%
deux
21%
genre
21%
même
21%
noche
21%
part
21%
pété
21%
Pourquoi
21%
toute
21%
bord
17%
canard
17%
Day-Date
17%
faut
17%
Féfé
17%
Fefe
17%
hé-hey
17%
héhey
17%
j'pourrais
17%
j're
17%
m'la
17%
péter
17%
poignets
17%
Poussez
17%
p'tit
17%
répéter
17%
Vilain
17%
sourirai
13%
Agua
8%
Suikikonguonblaguaze
0%
[Pont 1 : Vald] Yeeeeah
0%
Aucun quiz correspondant
Distribution des résultats
% des personnes avec chaque résultat
Percentile par nombre de réponses
Votre historique - résultats
Vous n’avez pas pris ce quiz